000 00558nac a22001571u 4500
020 _a9953105227
082 _a823
_bO79
090 _c240
_d240
100 _aOrwell, George
245 _aNineteen eighty-four
_bwith an introduction and summaries/
_cGeorge Orwell
260 _aBeirut
_bYork press
_c2002
440 _aYork Classics
650 _aEnglish Fiction
942 _cBB
_k823O79
999 _c240
_d240